| 000 | 00676nac a22001931u 4500 | ||
|---|---|---|---|
| 010 | _a 91000554 | ||
| 020 | _a0470217642 | ||
| 082 | 0 | 0 |
_a621.406 _bRAO |
| 090 |
_c9262 _d9262 |
||
| 100 | _aRao, J. S. | ||
| 245 | 1 | 0 |
_aTurbomachine blade vibration / _cJ.S. Rao. |
| 260 |
_aNew York, N.Y. : _bWiley ,1991 _cc1991. |
||
| 300 |
_axi, 445 p. : _bill. ; _c25 cm. |
||
| 500 | _a"First published in 1991 by Wiley Eastern Limited ... New Delhi"--T.p. verso. | ||
| 504 | _aIncludes bibliographical references and index. | ||
| 511 | _acatalogued by: wessam | ||
| 650 | 0 |
_aTurbomachines _xBlades _xVibration. |
|
| 942 |
_cBB _k621.406RAO |
||
| 999 |
_c9262 _d9262 |
||